00255nam a22000977a 4500020001800000082001500018100003600033245003700069260003700106300001400143 a9789386429841 a956bQAS/A aQasimi, Sultan Bin Muhammed Al  aArabi Kadalkolla Enna Kettukatha aThrissur:bCurrent Books,c2018. a270 pages